Příruční slovník naučný

Uložené v:
Podrobná bibliografia
Médium: Kniha
Jazyk:Czech
Vydavateľské údaje: Praha Československá akademie věd 1966
Tagy: Pridať tag
Žiadne tagy, Buďte prvý, kto otaguje tento záznam!

MARC

LEADER 00000nam a2200000 4500
001 c122938
005 20251029073603.1
041 0 |a cze 
044 |a CZ 
245 1 0 |a Příruční slovník naučný  |c Red. Vladimír Procházka 
264 1 |a Praha  |b Československá akademie věd  |c 1966 
300 |a 959 s.